| 000 | 00562cam a22002291 4500 | ||
|---|---|---|---|
| 001 | sa 64004089 | ||
| 003 | DLC | ||
| 005 | 20260227112022.0 | ||
| 008 | 900108s1963 ii 000 1 beno | ||
| 010 | _asa 64004089 | ||
| 035 | _a(OCoLC)20860687 | ||
| 040 |
_aDLC _cWaU _dDLC |
||
| 042 | _apremarc | ||
| 050 | 0 | 0 |
_aPK1718.M47 _bE4 |
| 100 | 1 |
_aMitra, Bimal, _d1912-1991. |
|
| 245 | 1 | 0 | _aEkaka daśaka śataka. |
| 260 | _c[1963] | ||
| 300 |
_a555 p. _c22 cm |
||
| 500 | _aIn Bengali. | ||
| 500 | _aA novel. | ||
| 500 | _aSequel to Kaṛi diẏe kinalāma. | ||
| 999 |
_c58308 _d58308 |
||